Music Quiz

Random Music or City Quiz

Space Jam Remix Quiz Stats

 Plays Quiz not verified by Sporcle

Score 0/13 Timer 06:00
0 Plays Today
Time Original Song % Correct
2:00-2:08Space Jam/Space Space Jam Jam
83.3%
0:10-0:18Everybody (Backstreet's Back)/Everyballer (Barkley's Back)
78.6%
0:40-0:48Gangnam Style/Gangnam Slam Jam
78.6%
1:30-1:38Call Me Maybe/Slam Me Barkley
73.8%
1:00-1:08What is Love?/What is Slam?
69%
0:50-0:58Sandstorm/Slamstorm
66.7%
0:20-0:28Feel Good Inc./Feel Good Slam
64.3%
0:00-0:08Carry on Wayward Son/Carry on Wayward Slam
61.9%
1:40-1:48Can't Hold Us/Can't Hold The Slam
57.1%
0:30-0:38It's Raining Men/It's Raining Slams
54.8%
1:10-1:18Hungry Like The Wolf/Slammin Like The Wolf
54.8%
1:20-1:28Imperial March/Imperial Slam
52.4%
1:50-1:58We Didn't Start The Fire/We Didn't Start The Slamming
50%

You're not logged in!

Compare scores with friends on all Sporcle quizzes.
Join for Free
OR
Log In

You Might Also Like...

Show Comments

Extras

Top Quizzes Today


Score Distribution

Your Account Isn't Verified!

In order to create a playlist on Sporcle, you need to verify the email address you used during registration. Go to your Sporcle Settings to finish the process.

Report this User

Report this user for behavior that violates our Community Guidelines.

Details: